000 00992cad a22001935a 4500
001 L157044
008 120820s2012 xxk f 000 0 eng d
035 _a(Sirsi) u157044
041 0 _aeng
110 2 _aUnited Kingdom
_bDepartment for Communities and Local Government
_94939
245 0 0 _aEvidence review of the costs of homelessness
_h[electronic resource]
260 _aLondon
_bDCLG
_c2012
520 _aProvides an overview of evidence held by government and other organisations that detail the financial costs to government from homelessness. English local authorities figures show current expenditure on homelessness in 2010-11 totalled almost £345m, with £100m of this spent on temporary accommodation and £70m on homelessness prevention.
590 _aKA
651 4 _aEngland
_y886-
690 _aResidential property
_96266
856 4 0 _uhttps://www.communities.gov.uk/documents/housing/pdf/2200485.pdf
_zView the item free of charge at www.communities.gov.uk
942 _n0
999 _c114555
_d114555